Catálogo fotográfico de especímenes de flora y fauna silvestre recuperadas en las Oficinas de Enlace de Bogotá de la Secretaría Distrital de Ambiente (Registro nro. 8677)
[ vista simple ]
| 000 -CABECERA | |
|---|---|
| Campo de control | 00702nam a22001937a 4500 |
| 005 - FECHA Y HORA DE LA ULTIMA TRANSACCION | |
| Campo de control | 20150115164732.0 |
| 008 - ELEMENTOS DE LONGITUD FIJA—INFORMACION GENERAL | |
| Campo de control | 140911b2011 ck Il. |r|||| 00| 0 spa d |
| 040 ## - FUENTE DE CATALOGACIÓN | |
| Agencia catalogadora original | CO-BoIAVH |
| Agencia transcriptora | CO-BoIAVH |
| 041 ## - IDIOMA | |
| Código de idioma para texto/pista de sonido o título separado | Español |
| 044 ## - PAÍS DE PUBLICACIÓN | |
| País de publicación | Colombia |
| 082 04 - NUMERO DE CLASIFICACION DECIMAL DEWEY | |
| Número de clasificación | 580.986 |
| Número del ítem | C36 |
| 245 00 - MENCION DE TITULO | |
| Título | Catálogo fotográfico de especímenes de flora y fauna silvestre recuperadas en las Oficinas de Enlace de Bogotá de la Secretaría Distrital de Ambiente |
| 260 ## - PUBLICACION, DISTRIBUCION, ETC. (PIE DE IMPRENTA) | |
| Lugar de publicación, distribución, etc. | Bogotá |
| Nombre del editor, distribuidor, etc. | Secretaría Distrital de Ambiente |
| Fecha de publicación, distribución, etc. | 2011 |
| 300 ## - DESCRIPCION FISICA | |
| Extensión | 213 p. |
| Otros detalles físicos | il. (col), tablas, mapas |
| Dimensiones | 29 x 22 cm. |
| 500 ## - NOTA GENERAL | |
| Nota general | Fichas de especies |
| 650 ## - ASIENTO SECUNDARIO DE MATERIA - TERMINO TEMATICO | |
| Término temático o nombre geográfico como elemento de entrada | Flora |
| Subdivisión de forma | catálogos |
| Subdivisión geográfica | Colombia |
| 650 ## - ASIENTO SECUNDARIO DE MATERIA - TERMINO TEMATICO | |
| Término temático o nombre geográfico como elemento de entrada | Fauna |
| Subdivisión de forma | catálogos |
| Subdivisión geográfica | Colombia |
| 942 ## - ELEMENTOS ADICIONALES (KOHA) | |
| Sistema de clasificación | Dewey Decimal Classification |
| Tipo de ítem | Libro |
| Withdrawn status | Lost status | Sistema de Clasificación | Damaged status | No para préstamo | Colección | Inventariado | Ubicación Permanente | Ubicación actual | Fecha de adquisición | Fuente de Valor | Valor | Total Checkouts | Número topográfico | Inventario / Código de Barras | Date last seen | Ejemplar | Price effective from | Forma de adquisición | Tipo de material |
|---|---|---|---|---|---|---|---|---|---|---|---|---|---|---|---|---|---|---|---|
| Dewey Decimal Classification | General | Inventariado 2017 | Bogotá | Bogotá | 11/09/2014 | Instituto | 39000.00 | LB-580.986 C36 | 038349 | 11/09/2014 | Ej. 1 | 11/09/2014 | Libro | ||||||
| Dewey Decimal Classification | General | Inventariado 2018 | Sala Fabio Quevedo | Sala Fabio Quevedo | 11/09/2014 | Instituto | 39000.00 | LB-580.986 C36 | 030369 | 21/11/2018 | Ej. 2 | 21/11/2018 | Donación | Libro |